000 00639nam a22002177a 4500
003 UA-OsUOA
001 72468
007 ta
008 20110118b un ||||| |||| 00| 0 ukr d
100 _aПустовойт О.
090 _a330(477)
_bП89
942 _cSA
040 _aUA-OsUOA
_bukr
_cUA-OsUOA
_dUA-OsUOA
245 _aРинок споживчих товарів України: тенденції розвитку і вплив на структуру економіки
300 _aС.59-70
955 _a0
041 _aukr
080 _a330(477)
773 0 _w72463
650 7 _a330 Економіка взагалі
_2UDC
999 _c358773
_d358773